Normal view MARC view
  • Chabra, T N

Entry Personal Name

Number of records used in: 2

001 - CONTROL NUMBER

  • control field: 6627

003 - CONTROL NUMBER IDENTIFIER

  • control field: OSt

005 - DATE AND TIME OF LATEST TRANSACTION

  • control field: 20180223105531.0

008 - FIXED-LENGTH DATA ELEMENTS

  • fixed length control field: 180223|| aca||aabn | a|a d

040 ## - CATALOGING SOURCE

  • Original cataloging agency: OSt
  • Transcribing agency: OSt

100 ## - HEADING--PERSONAL NAME

  • Personal name: Chabra, T N

670 ## - SOURCE DATA FOUND

  • Source citation: Work cat.: (OSt): Chabra, T N, Business studies XI, 2015

Powered by Koha